01428nam a22002537a 450000500170000000800410001702000150005804000070007304100120008008200250009210000360011724500750015326000350022830000290026336500300029252005720032265000460089465000350094070000270097570000300100294200120103299900190104495201110106320220326101709.0220326b ||||| |||| 00| 0 eng d a0140257616 cAL aEnglish 223a304.280954bGADE aMadhav Gadgil and others926075 aEcology And Equity: The Use And Abuse of Nature in Contemporary India  aNew DelhibPenguin Booksc1995 axi,213 p.bPBc23x15 cm. b₹150.00c₹d₹150.00 aEcology and Equity explores a society that is, in ecological terms, the most complex in the world. India's people range from technocrats to hunter-gatherers and its environments from dense forest to wasteland. This book provides the first analytically sophisticated and empirically grounded study of environmental reform in the Third World. Radical both in its interpretation of the crisis in India and in its proposals for ecological reform, Ecology and Equity is essential reading for all concerned with the Third World development and/or the environmental debate.  aEnvironmental degradation -- India926076 aSocial ecology -- India926077 aGADGIL (Madhav)926078 aGUHA (Ramachandra)926079 2ddccGF c222037d222037 00102ddc40708SOCaALbALd2013-03-23l0o304.280954 GADEpGF00699r2022-03-26 00:00:00w2022-03-26yGF